000 00434nam a2200169Ia 4500
001 17065
003 IN-NITTTR
005 20251114233201.0
008 251113s9999||||xx |||||||||||||| ||eng||
040 _beng
040 _cIN-NITTTR
041 _aeng
082 _a526.02854 M752C
100 _aMonmonier, Mark S.
245 0 _aComputer-assisted cartography :
_b principles and prospects. /
_cMonmonier, Mark S.
942 _2ddc
_cBK
999 _c19699
_d19699